[Event "ITA-chT Final 56th"]
[Site "Darfo Boario Terme"]
[Date "2025.04.13"]
[Round "9.40"]
[White "Gorgoglione, Enrico"]
[Black "Mirri, Pietro"]
[Result "0-1"]
[WhiteElo "2050"]
[BlackElo "2147"]
[PlyCount "146"]
[EventDate "2025.04.07"]
[EventType "team-swiss"]
[EventRounds "9"]
[EventCountry "ITA"]
[SourceTitle "CB16_2025"]
[SourceDate "2025.04.16"]
[SourceVersion "1"]
[SourceVersionDate "2025.04.16"]
[SourceQuality "1"]
[WhiteTeam "Il Grifone D’Arzignano"]
[BlackTeam "Le Due Torri CSB"]
[WhiteTeamCountry "ITA"]
[BlackTeamCountry "ITA"]

1. e4 e6 2. d4 d5 3. Nd2 Nf6 4. e5 Nfd7 5. c3 c5 6. Bd3 Nc6 7. Qg4 cxd4 8. cxd4 Qa5 9. Ne2 Qa4 10. h3 h5 11. Qf4 Nb4 12. Bb1 Nc2+ 13. Bxc2 Qxc2 14. 0-0 b6 15. Qe3 Ba6 16. Re1 Be7 17. Qb3 Qxb3 18. Nxb3 Rc8 19. Nc3 0-0 20. Bd2 Rc4 21. Rac1 Rfc8 22. g3 b5 23. Be3 Bb4 24. Bd2 Be7 25. Be3 R4c7 26. Kg2 b4 27. Na4 Bc4 28. f4 Bxb3 29. axb3 Rxc1 30. Rxc1 Rxc1 31. Bxc1 Kf8 32. Kf3 Ke8 33. Ke2 Kd8 34. Kd3 Kc7 35. Be3 Kc6 36. Bd2 a5 37. Ke2 Kb5 38. Kd3 Bd8 39. Be3 Bc7 40. Bf2 Bb8 41. Be3 Ba7 42. Bd2 Nb8 43. Be3 Nc6 44. g4 hxg4 45. hxg4 Ne7 46. Bf2 Ng6 47. Bg3 Ne7 48. Bh4 Nc6 49. Bf2 g5 50. fxg5 Nxe5+ 51. Ke2 Nxg4 52. Bg1 Ne5 53. Be3 Nc6 54. Kd3 Ne7 55. Bf4 Nc6 56. Be3 Ka6 57. Bf2 e5 58. Nc5+ Bxc5 59. dxc5 Kb5 60. Bg1 Ne7 61. Bh2 Ng6 62. Bg1 Nf4+ 63. Ke3 Kxc5 64. Kf3+ d4 65. Ke4 Kd6 66. Bh2 Ke6 67. Bg3 Nd5 68. Be1 f5+ 69. Kd3 Nf4+ 70. Kc4 Ng2 71. Bd2 f4 72. Kd3 f3 73. g6 e4+ 0-1

[Event "ITA-chT Final 56th"]
[Site "Darfo Boario Terme"]
[Date "2025.04.08"]
[Round "3.40"]
[White "Gorgoglione, Enrico"]
[Black "Lapiccirella, Daniele"]
[Result "0-1"]
[WhiteElo "2050"]
[BlackElo "2123"]
[PlyCount "36"]
[EventDate "2025.04.07"]
[EventType "team-swiss"]
[EventRounds "9"]
[EventCountry "ITA"]
[SourceTitle "CB16_2025"]
[SourceDate "2025.04.16"]
[SourceVersion "1"]
[SourceVersionDate "2025.04.16"]
[SourceQuality "1"]
[WhiteTeam "Il Grifone D’Arzignano"]
[BlackTeam "Cerianese Scacchistica"]
[WhiteTeamCountry "ITA"]
[BlackTeamCountry "ITA"]

1. e4 c5 2. Nc3 e6 3. g3 d5 4. Bg2 d4 5. Nce2 Nc6 6. d3 Nf6 7. h3 Be7 8. f4 b6 9. Nf3 Bb7 10. Bd2 Qc7 11. g4 h6 12. a3 a5 13. Ng3 0-0-0 14. 0-0 g5 15. e5 Nd5 16. fxg5 Nxe5 17. Ne4 Nc6 18. Ng3 Ne5 0-1

[Event "Anti Cheating Blitz Cup"]
[Site "Chess.com INT"]
[Date "2020.05.20"]
[Round "7"]
[White "Gorgoglione, Enrico"]
[Black "Varriale, Luca"]
[Result "1-0"]
[WhiteElo "2010"]
[BlackElo "2199"]
[PlyCount "65"]
[EventDate "2020.05.20"]
[EventType "swiss (blitz)"]
[EventRounds "11"]
[EventCountry "USA"]
[SourceTitle "CBM 196 Extra"]
[Source "ChessBase"]
[SourceDate "2020.07.31"]
[SourceVersion "1"]
[SourceVersionDate "2020.07.31"]
[SourceQuality "1"]

1. e4 c6 2. d4 d5 3. e5 c5 4. h4 cxd4 5. Qxd4 Nc6 6. Bb5 e6 7. Nc3 Bd7 8. Bxc6 bxc6 9. Nge2 c5 10. Qg4 h5 11. Qg3 Nh6 12. Bxh6 Rxh6 13. 0-0-0 Qa5 14. Kb1 Rb8 15. Nxd5 exd5 16. e6 Rxb2+ 17. Kxb2 Bxe6 18. Qb8+ Kd7 19. Nc3 c4 20. Qxf8 Qb6+ 21. Ka1 Qxf2 22. Qxg7 Qxc2 23. Rc1 Qd2 24. Rhd1 Qf4 25. Qd4 Qg3 26. Qxa7+ Ke8 27. Qd4 Rg6 28. Re1 Rg4 29. Qh8+ Kd7 30. Rb1 Qf2 31. Qe5 d4 32. Rb7+ Kc6 33. Qc7# 1-0

[Event "Senigallia op-A"]
[Site "Senigallia"]
[Date "2010.07.25"]
[Round "1"]
[White "Belezky, Alexander"]
[Black "Gorgoglione, Enrico"]
[Result "1-0"]
[WhiteElo "2440"]
[BlackElo "1938"]
[PlyCount "141"]
[EventDate "2010.07.25"]
[EventType "swiss"]
[EventRounds "7"]
[EventCountry "ITA"]
[SourceTitle "CBM 137 Extra"]
[Source "ChessBase"]
[SourceDate "2010.09.01"]
[SourceVersion "1"]
[SourceVersionDate "2010.09.01"]
[SourceQuality "1"]

1. Nf3 c5 2. b3 Nc6 3. Bb2 d6 4. g3 e5 5. d3 Be6 6. Bg2 Be7 7. c4 Qd7 8. Nc3 g5 9. h4 g4 10. Ng5 h6 11. Nxe6 fxe6 12. h5 Nf6 13. Ne4 0-0-0 14. e3 Rhg8 15. a3 Rdf8 16. Nxf6 Bxf6 17. b4 Ne7 18. bxc5 dxc5 19. Rb1 b6 20. Bc3 Kc7 21. a4 e4 22. Bxf6 Rxf6 23. Bxe4 Rgf8 24. Rb2 Qd6 25. a5 Qe5 26. axb6+ axb6 27. Qb3 Nc8 28. Rh2 R8f7 29. Ke2 Qd6 30. Qc3 Qf8 31. Qe5+ Nd6 32. Ke1 Qb8 33. Ra2 Kd7 34. Ra8 Qc7 35. Qa1 Nc8 36. Qa4+ Ke7 37. Qc6 Qxc6 38. Bxc6 Rf8 39. Ra2 Kd6 40. Ba4 Rf5 41. Bd1 Rg5 42. Rh4 Rfg8 43. Ra8 Kc7 44. Be2 Kb7 45. Ra2 Kc7 46. Bf1 Rd8 47. Ke2 Rf8 48. Bg2 Rgf5 49. Ke1 Rg5 50. Be4 Rd8 51. Ke2 Rf8 52. Bg6 Kb7 53. Rh1 Rd8 54. Rha1 Kc7 55. Ra8 Re5 56. Rf1 Kb7 57. Raa1 Nd6 58. Ra3 Rg5 59. Rfa1 Nc8 60. Rd1 Nd6 61. Ra4 Re5 62. d4 Rg5 63. Ke1 Kc6 64. Ra7 cxd4 65. Rxd4 Rh8 66. Bc2 Rc8 67. Ba4+ Kc5 68. Bd7 Nf5 69. Bxc8 Nxd4 70. Rc7+ Nc6 71. Bb7 1-0